Famous Sheffield United Fans - Statistics

General Stats
  • This quiz has been taken 22 times
  • The average score is 4 of 7
Answer Stats
Name % Correct
Actor, "The Lord of the Rings" "Game of Thrones" "GoldenEye" Sean Bean
95%
Founding member and bassist of Red Hot Chili Peppers Flea
75%
2012 Olympic champion in heptathlon Jessica Ennis-Hill
55%
Lead singer and founding member of Def Leppard Joe Elliott
55%
Actor, comedian and member of Monty Python Michael Palin
50%
Former boxer and welterweight title from 2014 to 2017 Kell Brook
45%
Golfer and winner of the U.S. Open in 2022 Matt Fitzpatrick
30%
No matching quizzes found
Score Distribution
Percent of People with Each Score
Percentile by Number Answered
Your Score History
You have not taken this quiz